Bharatar gramonnayanar prashasaniya byobostha (Record no. 8637)

MARC details
000 -LEADER
fixed length control field 00609cam a2200217ua 4500
001 - CONTROL NUMBER
control field 9617
005 - DATE AND TIME OF LATEST TRANSACTION
control field 20260515114511.0
008 - FIXED-LENGTH DATA ELEMENTS--GENERAL INFORMATION
fixed length control field 160909n ii |||gr||||Z||||||asm
040 ## - CATALOGING SOURCE
Transcribing agency MAIN
041 ## - LANGUAGE CODE
Language code of text/sound track or separate title asm
082 ## - DEWEY DECIMAL CLASSIFICATION NUMBER
Classification number 354.2794
100 ## - MAIN ENTRY--PERSONAL NAME
Personal name Gogoi, Purandar,
Relator term Author.
245 ## - TITLE STATEMENT
Title Bharatar gramonnayanar prashasaniya byobostha
Statement of responsibility, etc. by Purandar Gogoi
250 ## - EDITION STATEMENT
Edition statement 4th ed.
260 ## - PUBLICATION, DISTRIBUTION, ETC.
Place of publication, distribution, etc. Dibrugarh:
Name of publisher, distributor, etc. Banalata,
Date of publication, distribution, etc. 2016.
300 ## - PHYSICAL DESCRIPTION
Extent 342p.
653 ## - INDEX TERM--UNCONTROLLED
Uncontrolled term Administration of economy & environment
653 ## - INDEX TERM--UNCONTROLLED
Uncontrolled term Administration of rural development in India
653 ## - INDEX TERM--UNCONTROLLED
Uncontrolled term Rural development in India
942 ## - ADDED ENTRY ELEMENTS (KOHA)
Koha item type Books
Holdings
Withdrawn status Lost status Damaged status Not for loan Home library Current library Shelving location Date acquired Total checkouts Full call number Barcode Date last seen Date last checked out Copy number Price effective from Koha item type
        Naharkatiya College Library Naharkatiya College Library General stacks 09/19/2020 2 354.2794 | GOG 23162 08/25/2021 08/24/2021 3 09/19/2020 Books
        Naharkatiya College Library Naharkatiya College Library General stacks 09/19/2020 4 351.54 | GOG 23163 08/25/2021 08/09/2021 2 09/19/2020 Books
        Naharkatiya College Library Naharkatiya College Library General stacks 09/19/2020   354.2794 | GOG 23164 09/19/2020   1 09/19/2020 Books